000 00482nam a2200169 i 4500
001 27691
003 ES-MaACL
005 20230906153703.0
007 t|
008 030115s1969 sp ||||1| spa d
100 1 _aAuge, R.
_923882
245 1 0 _aFontanería elemental... /
_cR. Auge ; [traducido por Manuel Tejedor].
260 _aMadrid :
_bParaninfo,
_c1969.
300 _a2 v. :
_bil. ;
_c22 cm.
700 1 _aTejedor, Manuel.
_9109572
852 _aES-MaACL
_jC-367589
_bR.71069
999 _c27691
_d27691